1374 1528 1262 1466 1463 1591 1366 1506 1096 1281 1929 1645 1839 1748 1394 1436 1202 1739 1801 1315 1802 1543 1321 1650 1035 1247 1721 1392 1871 1283 1867 1033 1684 1533 1977 1749 1755 1947 1340 1494 1527 1339 1633 1809 1871 1770 1811 1807 1575 1980 1188 1330 1020 1019 1874 1737 1253 1649 1807 1390 1550 1416 1964 1856 1563 1089 1563 1693 1697 1944 1225 1971 1756 1364 1077 1241 1916 1988 1880 1416 1678 1193 1927 1825 1599 1192 1449 1302 1783 1768 1421 1487 1666 1214 1318 1989 1137 1237 1067 BCNSPRNW ULIB Ver.6.0+V

เปลี่ยนเป็นภาษาไทย

Change to English
 แสดงรายละเอียดบรรณานุกรม
  กลับหน้าหลัก

Brief Record : Get Marc (ISO 2709) : E-mail record : QR code < ปิดหน้าต่าง
LEADER : 00000nam 2200000uu 4500
001    13399112686
003     ULIB
008    110220s2552||||th 000 0 tha d
099    วจ.BF576^bม141ค
100 0  มธุรดา ม่วงมัน
245 00 ความสัมพันธ์ระหว่างแรงสนับสนุนทางสังคมแรงจูงใจใฝ่สัมฤทธิ์ กับความสามารถในการบริหารเวลาของนักศึกษาพยาบาล วิทยาลัยพยาบาลบรมราชชนนี สวรรค์ประชารักษ์ นครสวรรค์/^cมธุรดา ม่วงมัน
260    นครสวรรค์:^bวิทยาลัยพยาบาลบรมราชชนนี สวรรค์ประชารักษ์ นครสวรรค์,^c2552
300    84 หน้า
650  7 EQ^xวิจัย
650  7 ความฉลาดทางอารมณ์^xวิจัย
650  7 เด็ก^xคุณภาพชีวิต^xวิจัย
710 2  กระทรวงสาธารณสุข.^bสถาบันพระบรมราชนก.^bวิทยาลัยพยาบาลบรมราชชนนี สวรรค์ประชารักษ์ นครสวรรค์.
945    ^p0^l0^i026562
945    ^p0^l0^i026563
945    ^p0^l0^i026564
945    ^p0^l0^i027772
945    ^p0^l0^i027773
995    ทศพร
999 ^a ใช้งานได้ทุกระบบ
รายการนี้ยังไม่มีแท็ก
คุณยังไม่ได้ล็อกอิน คุณสามารถมีกิจกรรมร่วมกับเว็บไซต์ได้ แต่ต้องล็อกอินก่อน ::
  ล็อกอิน

รายการสื่อสารสนเทศ

ลำดับที่ ประเภท เลขเรียก/บาร์โค้ด สถานที่ สถานะ
- ไม่พบข้อมูล -

รายการใกล้เคียง
    ผู้แต่ง [มธุรดา ม่วงมัน]

BibComment


ยังไม่เคยถูกคอมเมนท์

คอมเมนท์ทรัพยากรรายการนี้
  คอมเมนท์: ความสัมพันธ์ระหว่..


 Copyright 2026. Bcnsprnw @Library